Biblioteca y Centro de Documentación

Political economy influences within the life-cycle of IMF programmes (Registro nro. 33985)

Detalles MARC
000 -CABECERA
Longitud fija campo de control 00960naa a2200277 c 4500
001 - NÚMERO DE CONTROL
Número de control 33985
003 - IDENTIFICADOR DE NÚMERO DE CONTROL
Identificador del número de control ES-MaCES
005 - FECHA Y HORA DE LA ÚLTIMA TRANSACCIÓN
Fecha y hora de la última transacción 20040413131600.0
008 - CAMPO FIJO DE DESCRIPCIÓN FIJA--INFORMACIÓN GENERAL
Códigos de información de longitud fija   040413n2003 xxkd t 000 | eng d
035 ## - NÚMERO DE CONTROL DEL SISTEMA
Número de control del sistema CES20040002596v
040 ## - FUENTE DE CATALOGACIÓN
Centro catalogador de origen ES-MaCES
Lengua de catalogación spa
Centro transcriptor ES-MaCES
100 1# - ENCABEZAMIENTO PRINCIPAL--NOMBRE PERSONAL
Nombre de persona Bird, Graham
9 (RLIN) 7781
245 10 - MENCIÓN DE TÍTULO
Título Political economy influences within the life-cycle of IMF programmes
Mención de responsabilidad, etc. Graham Bird and Dane Rowlands
504 ## - NOTA DE BIBLIOGRAFÍA, ETC.
Nota de bibliografía, etc. Bibliografía: 1276-1278
610 24 - ASIENTO SECUNDARIO DE MATERIA--NOMBRE CORPORATIVO
Nombre de entidad corporativa o nombre de jurisdicción como elemento inicial Fondo Monetario Internacional
9 (RLIN) 3625
650 #4 - ASIENTO SECUNDARIO DE MATERIA--TÉRMINO DE MATERIA
Término de materia o nombre geográfico como elemento inicial política económica
9 (RLIN) 27025
650 #4 - ASIENTO SECUNDARIO DE MATERIA--TÉRMINO DE MATERIA
Término de materia o nombre geográfico como elemento inicial ciclo vital
9 (RLIN) 29808
650 #4 - ASIENTO SECUNDARIO DE MATERIA--TÉRMINO DE MATERIA
Término de materia o nombre geográfico como elemento inicial programa de financiación
9 (RLIN) 28126
650 #4 - ASIENTO SECUNDARIO DE MATERIA--TÉRMINO DE MATERIA
Término de materia o nombre geográfico como elemento inicial FMI
9 (RLIN) 26721
653 10 - TÉRMINO DE INDEXACIÓN--NO CONTROLADO
Término no controlado Financiación
700 1# - ENCABEZAMIENTO SECUNDARIO--NOMBRE PERSONAL
Nombre de persona Rowlands, Susan
9 (RLIN) 22715
773 0# - ENTRADA DE DOCUMENTO FUENTE
Título The world economy
Parte(s) relacionada(s) vol. 26, no. 9 (Sep. 2003){10214 R. 054793}; p. 1255-1278
Número de control del registro relacionado (ES-MaCES)25728
Itemnumber del ítem fuente 70107
902 ## - CES. TIPO DE DOCUMENTO
Tipodoc (006$c Sirtex) ART Artículo de revista
942 ## - ELEMENTOS KOHA
Fuente de clasificaión o esquema Clasificación propia del CES
Koha [por defecto] tipo de item Artículos (1982-2017)
Parte de clasificación 0.0.

No hay ítems disponibles.

© CES, Consejo Económico y Social de España 2021